| 000 | 02063cam a2200505 4500 | ||
|---|---|---|---|
| 001 | 14001 | ||
| 003 | http://catalogue.bnf.fr/ark:/12148/cb475002883 | ||
| 005 | 20260113164444.0 | ||
| 010 |
_a9782958676452 _d6 EUR |
||
| 020 |
_aFR _b02437062 |
||
| 073 | 0 | _a9782958676452 | |
| 090 | _a14001 | ||
| 099 | _o0 | ||
| 100 | _a20240624d2024 a y0frey50 ba | ||
| 101 | 0 | _afre | |
| 102 | _aFR | ||
| 105 | _a||||z 00|a| | ||
| 181 | 0 |
_601 _ai _bxxxe |
|
| 181 |
_602 _ctxt _2rdacontent |
||
| 182 | 0 |
_601 _an |
|
| 182 |
_602 _cn _2rdamedia |
||
| 200 | 1 |
_aLe cavalier sans tête _bLIVR |
|
| 214 | 0 |
_cla Maison théâtre _dDL 2024 |
|
| 214 | 3 | _cOtt impr. | |
| 214 | 0 | _aStrasbourg | |
| 214 | 3 | _a67-Wasselonne | |
| 215 | _a1 vol. (29 p.) | ||
| 215 | _d21 cm | ||
| 225 |
_aLes cahiers théâtre _vn° 14 |
||
| 225 | _e8-11 ans | ||
| 300 | _aCommande de la Maison théâtre dans le cadre du projet "Petite philo pour grands matins" | ||
| 321 |
_aLa Revue des livres pour enfants _x0398-8384 _c340 |
||
| 321 |
_aLa Revue des livres pour enfants. Sélection annuelle _c344 |
||
| 323 | _a12 personnages | ||
| 330 | _a« Est-ce que voler un médicament à la pharmacie pour guérir son père, c'est mal ? » Après cette question posée à sa maîtresse, Siam se cache dans la pharmacie de son quartier. Début d'une aventure rocambolesque avec des caméras de surveillance invitées à aller filmer la mer et un étrange cavalier vengeur. Samuel Gallet a écrit pour les enfants une pièce sensible et fantastique pour philosopher en pratiquant le théâtre. | ||
| 333 | _aÀ partir de 9 ans | ||
| 410 | 0 | _047252827 | |
| 410 | 0 |
_tLes Cahiers théâtre (Strasbourg) _x3039-5577 _v14 |
|
| 608 |
_aThéâtre _2CNLJ |
||
| 610 |
_ajeunesse _afantastique _aaction |
||
| 686 |
_a802 _2Cadre de classement de la Bibliographie nationale française |
||
| 700 |
_aGallet _bSamuel _f1981-.... |
||
| 700 |
_315863315 _oISNI0000000363438942 _4070 |
||
| 801 | 0 |
_aFR _bFR-751131015 _c20240624 _gAFNOR _hFRBNF475002880000000 |
|
| 856 | 2 |
_u894161 _bPremière de couverture |
|